000 00705nam a2200289Ia 4500
008 190123s9999 xx 000 0 und d
020 _a9780545128285
050 _bR884 2008
100 _aRowling, J.K.
245 4 _aThe lates of beedle the bard /
245 0 _cby J. K. Rowling.
260 _aNew York, New York :
260 _bScholastic,
260 _c2008
300 _a111 pages :
300 _bcolored illustrations ;
300 _c21cm.
440 _aHarry Potter.
500 _a1290L
650 _aHogwarts School of witchcraft.
650 _aMagic.
650 _aWizards.
650 _aYouth --
650 _xConduct of life.
700 _aSeries.
700 _aTitle.
999 _c361179
_d361179